Malta-Quiz - Sudden Death - Statistiken

Allgemein
  • Dieses Quiz wurde 123 mal gespielt
  • Das Durchschnittsergebnis liegt bei 3 aus 10
Answers on the Grid
Answers color-coded by a green-red scale on the quiz's grid according to % correct below.
Dies ist die Flagge Maltas: 🇲🇹
Malta ist in der Europäischen Union
In Malta zahlt man mit dem Euro
Malta hat bisher den ESC gewonnen
In Malta leben mehr Frauen als Männer
Malta ist kein Inselstaat
Malta liegt Italien näher als Afrika
(Auch Insel werden als Entfernungspunkt miteinbezogen)
Das BIP pro Kopf in Malta ist höher als das von Italien
Malta hat mehr Einwohner als Island
Flächenmäßig ist Malta größer als Andorra
In Malta fährt man auf der rechten Straßenseite
Die Amtssprache Maltas ist Italienisch
Malta ist kein Mitglied der NATO
Die maltesische Hauptstadt ist Valletta
In Malta befindet sich eine der größten Playmobil-Fabriken
Malta grenzt an ein Land mit dieser Flagge: 🇹🇳
Das KFZ-Kennzeichen Maltas ist "MT"
Das Bruttoinlandsprodukt von Malta ist höher als das von Armenien
Die Telefonvorwahl Maltas ist +356
Malta besteht nur aus einer Insel
 
Antwortstatistiken
Antwort % Korrekt
Dies ist die Flagge Maltas: 🇲🇹
63%
Die maltesische Hauptstadt ist Valletta
52%
In Malta zahlt man mit dem Euro
52%
Malta ist in der Europäischen Union
48%
Malta liegt Italien näher als Afrika
(Auch Insel werden als Entfernungspunkt miteinbezogen)
27%
Malta ist kein Mitglied der NATO
25%
Malta hat mehr Einwohner als Island
23%
Die Telefonvorwahl Maltas ist +356
17%
In Malta befindet sich eine der größten Playmobil-Fabriken
13%
Das BIP pro Kopf in Malta ist höher als das von Italien
10%
Keine übereinstimmenden Quizze gefunden
Verteilung der Resultate
Anzahl Personen mit jedem Resultat
Perzentil nach korrekt beantworteten Fragen
Ihre Resultats-Entwicklung
Sie haben dieses Quiz noch nicht gespielt